000 00315 a2200109 4500
001 ART_18418
005 20260410161701.0
008 260409a
245 1 0 _aLa retención de ganancias en los sueldos
100 1 _aCeteri, José Luis
773 0 _tRevista Impuestos
_g- Nº 1 (ene. 2013)
_wREV639
999 _c15225
_d15225